Stati per Fuso Orario - UTC-10 - Statistics

Statistiche generali
  • Questo quiz è stato fatto 6 volte
  • Il punteggio medio è 4 su 5
Statistiche sulle risposte
Continente Nazione % Corretto
America del Nord Census Area delle Aleutine occidentali, eccetto il Comune di Unalaska e il Comune di Nikolski (Stati Uniti)
100%
America del Nord Census Area di Nome, solo il Comune di Savoonga e il Comune di GambellBandiera delle Hawaii Hawaii (Stati Uniti)
100%
Oceania Territorio dell'Atollo Johnston (Stati Uniti)
100%
Oceania Isole Cook (Nuova Zelanda)
80%
Oceania Polinesia Francese (Francia)
40%
Nessun quiz corrispondente trovato
Distribuzione punteggi
Percentuale di utenti per punteggio
Percentile per numero di risposta
I tuoi punteggi nel tempo
Non hai fatto questo quiz